Kształty państw amerykańskich - Statystyki

Ogólne statystyki
  • Ten quiz został rozwiązany 806 razy
  • Średni wynik to 21 z 35
Statystyki odpowiedzi
Obrazkowy Odpowiedź % Poprawnych
Chile
99%
Kanada
99%
Stany Zjednoczone
99%
Meksyk
97%
Brazylia
95%
Argentyna
93%
Kuba
91%
Panama
83%
Peru
77%
Kolumbia
72%
Boliwia
67%
Haiti
65%
Ekwador
60%
Wenezuela
60%
Bahamy
57%
Dominikana
57%
Gujana
57%
Belize
53%
Paragwaj
53%
Trynidad i Tobago
52%
Nikaragua
51%
Jamajka
49%
Gwatemala
47%
Kostaryka
47%
Salwador
43%
Urugwaj
42%
Saint Kitts i Nevis
39%
Antigua i Barbuda
37%
Honduras
36%
Saint Vincent i Grenadyny
36%
Barbados
35%
Saint Lucia
35%
Surinam
32%
Grenada
30%
Dominika
27%
Nie znaleziono quizów pasujących do podanych kryteriów
Rozkład punktacji
Procent ludzi z każdym wynikiem
Percentyl według liczby udzielonych odpowiedzi
Twoja historia wyników
Nie rozwiązałeś tego quizu